Desarrollo capitalista y crisis de dominación en América Central /
Sparad:
| Huvudupphovsman: | |
|---|---|
| Övriga upphovsmän: | |
| Materialtyp: | Text |
| Publicerad: |
San José
|
| Taggar: |
Lägg till en tagg
Inga taggar, Lägg till första taggen!
|
MARC
| LEADER | 00000 a a2200000 04500 | ||
|---|---|---|---|
| 001 | 21201 | ||
| 003 | |||
| 040 | |||
| 090 | |a 092300 | ||
| 100 | |a Murga Frassinetti, Antonio | ||
| 245 | |a Desarrollo capitalista y crisis de dominación en América Central / |c Antonio Murga Frassinetti | ||
| 260 | |a San José | ||
| 300 | |a 18 p. | ||
| 700 | |a Hernández Palacios, Luis | ||
| 999 | |c 11450 |d 11450 | ||
